000 00263nam a2200109Ia 4500
008 240625s9999 xx 000 0 und d
041 _aeng
082 _a658.408 FER
100 _aFERNANDO A C
245 _aCORPORATE GOVERNANCE PRINCIPLES POLICIES
260 _c2009
999 _c39302
_d39302